[Event "Winnipeg TNT September op"]
[Site "Winnipeg CAN"]
[Date "2012.09.04"]
[Round "1"]
[White "Leaden, Bruce"]
[Black "Boron, Anthony"]
[Result "1/2-1/2"]
[WhiteElo "1530"]
[BlackElo "2043"]
[PlyCount "102"]
[GameId "2160767909445347"]
[EventDate "2012.09.04"]
[EventType "swiss"]
[EventRounds "4"]
[EventCountry "CAN"]
[SourceTitle "EXT 2022"]
[Source "ChessBase"]
[SourceDate "2021.10.06"]
[SourceVersion "1"]
[SourceVersionDate "2021.10.06"]
[SourceQuality "1"]

1. e4 c5 2. Nc3 e6 3. f4 Nc6 4. Nf3 a6 5. g3 b5 6. a3 Bb7 7. Bg2 d6 8. d3 g6 9. O-O Bg7 10. Ne2 Nge7 11. c3 O-O 12. Be3 Qc7 13. Qd2 Na5 14. Qc2 c4 15. d4 f5 16. e5 Be4 17. Qd1 Nd5 18. Bf2 dxe5 19. fxe5 Rad8 20. Ng5 Bxg2 21. Kxg2 Qc6 22. Kg1 Nb3 23. Rb1 Bh6 24. h4 Bg7 25. Nc1 Nxc1 26. Rxc1 h6 27. Nh3 f4 28. Qg4 Kh7 29. Nxf4 Nxf4 30. gxf4 Qe4 31. Bg3 Qe3+ 32. Kh1 Rf5 33. Rc2 h5 34. Qf3 Qxf3+ 35. Rxf3 a5 36. Rf1 Bh6 37. Kg2 Rdf8 38. Rd2 g5 39. hxg5 Bxg5 40. Rdf2 Be7 41. Kh3 Rd8 42. Bh4 Bxh4 43. Kxh4 Rg8 44. Rf3 Rg4+ 45. Kh3 Kh6 46. R1f2 Rg1 47. Rg2 Rh1+ 48. Rh2 Rg1 49. Rg2 Rh1+ 50. Rh2 Rd1 51. Rg2 Rh1+ 1/2-1/2

[Event "Winnipeg TNT September op"]
[Site "Winnipeg CAN"]
[Date "2012.09.04"]
[Round "1"]
[White "Li, Kevin"]
[Black "Pottinger, Carl"]
[Result "1-0"]
[WhiteElo "2213"]
[BlackElo "1827"]
[PlyCount "85"]
[GameId "2160767909445348"]
[EventDate "2012.09.04"]
[EventType "swiss"]
[EventRounds "4"]
[EventCountry "CAN"]
[SourceTitle "EXT 2022"]
[Source "ChessBase"]
[SourceDate "2021.10.06"]
[SourceVersion "1"]
[SourceVersionDate "2021.10.06"]
[SourceQuality "1"]

1. e4 c5 2. Nf3 d6 3. d4 cxd4 4. Nxd4 Nf6 5. Nc3 g6 6. Be3 Bg7 7. f3 O-O 8. Qd2 Nc6 9. O-O-O d5 10. exd5 Nxd5 11. Nxc6 bxc6 12. Bd4 Nxc3 13. Qxc3 Bxd4 14. Rxd4 Qb6 15. Bc4 Ba6 16. h4 Rfd8 17. Re4 Bxc4 18. Qxc4 Rd7 19. h5 Rad8 20. hxg6 hxg6 21. Qc3 f6 22. Reh4 Qb5 23. Qe3 Qe5 24. Qxe5 fxe5 25. Re4 Rd2 26. Rxe5 Rxg2 27. Rd1 Rf8 28. Rd3 Kf7 29. Rde3 Rh8 30. Rxe7+ Kf6 31. R7e6+ Kf5 32. b3 Rhh2 33. Rxc6 Kf4 34. Rec3 g5 35. R6c4+ Kg3 36. f4+ Kf2 37. fxg5 Rxg5 38. Rd3 Rh1+ 39. Kb2 a5 40. Rf4+ Ke2 41. Re4+ Kf2 42. Red4 Rh8 43. Rd5 1-0

[Event "Winnipeg TNT September op"]
[Site "Winnipeg CAN"]
[Date "2012.09.04"]
[Round "1"]
[White "Ma, Derek"]
[Black "Melamedoff, Gustavo"]
[Result "0-1"]
[WhiteElo "1723"]
[BlackElo "2112"]
[PlyCount "54"]
[GameId "2160767909445349"]
[EventDate "2012.09.04"]
[EventType "swiss"]
[EventRounds "4"]
[EventCountry "CAN"]
[SourceTitle "EXT 2022"]
[Source "ChessBase"]
[SourceDate "2021.10.06"]
[SourceVersion "1"]
[SourceVersionDate "2021.10.06"]
[SourceQuality "1"]

1. e4 c5 2. Nf3 e6 3. d4 cxd4 4. Nxd4 a6 5. Nc3 Qc7 6. Be2 Nc6 7. Be3 Nf6 8. Qd2 Bb4 9. Bf3 Ne5 10. Nde2 Nc4 11. Qc1 Nxe3 12. Qxe3 Bc5 13. Qg5 Kf8 14. e5 h6 15. Qf4 Ne8 16. O-O d5 17. a3 g5 18. Qg3 Ng7 19. Bg4 h5 20. Bxe6 Bxe6 21. Qxg5 Qe7 22. Qd2 Rd8 23. Kh1 Nf5 24. Rad1 Bb6 25. Nf4 Bd4 26. Nd3 Rg8 27. f4 Ne3 0-1

[Event "Winnipeg TNT September op"]
[Site "Winnipeg CAN"]
[Date "2012.09.04"]
[Round "1"]
[White "Moncal, Nilo"]
[Black "Baron, Cody"]
[Result "1-0"]
[WhiteElo "2082"]
[BlackElo "1714"]
[PlyCount "87"]
[GameId "2160767909445350"]
[EventDate "2012.09.04"]
[EventType "swiss"]
[EventRounds "4"]
[EventCountry "CAN"]
[SourceTitle "EXT 2022"]
[Source "ChessBase"]
[SourceDate "2021.10.06"]
[SourceVersion "1"]
[SourceVersionDate "2021.10.06"]
[SourceQuality "1"]

1. d4 Nf6 2. Nc3 d5 3. Nf3 Bf5 4. Bf4 e6 5. a3 c5 6. e3 a6 7. Bd3 Bxd3 8. Qxd3 Nc6 9. O-O Be7 10. h3 b5 11. dxc5 Bxc5 12. Ne5 Nxe5 13. Bxe5 O-O 14. Rfd1 Nd7 15. Bg3 Nb6 16. b3 Qf6 17. a4 b4 18. Ne2 Rfc8 19. Rac1 Nd7 20. e4 Nb6 21. e5 Qd8 22. Kh2 Be7 23. f4 Nd7 24. Bf2 Bc5 25. Qf3 Bxf2 26. Qxf2 Nc5 27. Ng3 Qh4 28. Qe3 Rc7 29. c4 bxc3 30. Rxc3 Qe7 31. Rdc1 Rac8 32. a5 Kf8 33. b4 Na4 34. Rxc7 Rxc7 35. Ne2 g6 36. Qa3 Rxc1 37. Nxc1 Qc7 38. b5+ Qc5 39. Qxa4 Qxc1 40. b6 Qc8 41. Qb4+ Ke8 42. b7 Qb8 43. Qb6 Kd7 44. Qd6+ 1-0

[Event "Winnipeg TNT September op"]
[Site "Winnipeg CAN"]
[Date "2012.09.04"]
[Round "1"]
[White "Towns, Barry"]
[Black "Mundwiler, Les"]
[Result "0-1"]
[WhiteElo "1674"]
[BlackElo "2041"]
[PlyCount "62"]
[GameId "2160767909445352"]
[EventDate "2012.09.04"]
[EventType "swiss"]
[EventRounds "4"]
[EventCountry "CAN"]
[SourceTitle "EXT 2022"]
[Source "ChessBase"]
[SourceDate "2021.10.06"]
[SourceVersion "1"]
[SourceVersionDate "2021.10.06"]
[SourceQuality "1"]

1. b4 Nf6 2. Bb2 d6 3. Nf3 Nbd7 4. e3 e5 5. Be2 Be7 6. O-O O-O 7. c4 b6 8. Nc3 Bb7 9. Qc2 Re8 10. e4 Nf8 11. Nd5 c6 12. Nxe7+ Qxe7 13. d3 Ng6 14. g3 Rac8 15. Qa4 Ba8 16. Rac1 d5 17. b5 dxe4 18. Ba3 c5 19. Nd2 exd3 20. Bxd3 Qd7 21. Bxg6 hxg6 22. Qd1 Qh3 23. f3 Rcd8 24. Qe2 e4 25. fxe4 Nxe4 26. Nxe4 Rxe4 27. Qf2 Qe6 28. Bb2 Re2 29. Rfe1 Rxf2 30. Rxe6 Rg2+ 31. Kf1 fxe6 0-1

[Event "Winnipeg TNT September op"]
[Site "Winnipeg CAN"]
[Date "2012.09.04"]
[Round "1"]
[White "Trueman, Francis"]
[Black "Wasserman, Leor"]
[Result "0-1"]
[WhiteElo "1498"]
[BlackElo "1998"]
[PlyCount "70"]
[GameId "2160767909445353"]
[EventDate "2012.09.04"]
[EventType "swiss"]
[EventRounds "4"]
[EventCountry "CAN"]
[SourceTitle "EXT 2022"]
[Source "ChessBase"]
[SourceDate "2021.10.06"]
[SourceVersion "1"]
[SourceVersionDate "2021.10.06"]
[SourceQuality "1"]

1. Nf3 Nf6 2. d3 d5 3. Nbd2 e6 4. g3 c5 5. Bg2 Bd6 6. O-O O-O 7. Re1 Nc6 8. c3 Bd7 9. e4 dxe4 10. dxe4 Qc7 11. Qe2 e5 12. a4 Be6 13. Nc4 Bxc4 14. Qxc4 Na5 15. Qa2 c4 16. Nd2 Rac8 17. Bh3 Rcd8 18. Bf1 Rc8 19. Rb1 Bc5 20. Bh3 Rcd8 21. b4 cxb3 22. Nxb3 Nxb3 23. Qxb3 b6 24. Qc2 Rd6 25. Qe2 Rfd8 26. Bg5 h6 27. Bc1 Rd3 28. Rb2 Rxc3 29. Ra2 Bxf2+ 30. Kxf2 Rxc1 31. Rxc1 Qxc1 32. Rc2 Qa3 33. Bf5 Qxa4 34. Ra2 Qd4+ 35. Kg2 g6 0-1

[Event "Winnipeg TNT September op"]
[Site "Winnipeg CAN"]
[Date "2012.09.11"]
[Round "2"]
[White "Babb, Jeff"]
[Black "Bince, Rolando"]
[Result "0-1"]
[WhiteElo "2218"]
[BlackElo "2030"]
[PlyCount "93"]
[GameId "2160767740940991"]
[EventDate "2012.09.04"]
[EventType "swiss"]
[EventRounds "4"]
[EventCountry "CAN"]

1. f4 c5 2. Nf3 d5 3. e3 Nc6 4. b3 d4 5. e4 Bg4 6. Bb5 Qb6 7. a4 O-O-O 8. Na3 a6 9. Bxc6 Qxc6 10. d3 f6 11. h3 Bxf3 12. Qxf3 f5 13. Nc4 fxe4 14. dxe4 Nf6 15. Ne5 Qe8 16. O-O e6 17. a5 Bd6 18. Nc4 Bc7 19. Bd2 Qc6 20. Rae1 Rhf8 21. Qd3 Kb8 22. g4 Ka7 23. Re2 h6 24. Rf3 Qb5 25. Kf1 b6 26. axb6+ Bxb6 27. Re1 Nd7 28. Ra1 Rb8 29. Kg1 Bc7 30. Rff1 Kb7 31. Ba5 Kc6 32. e5 Nb6 33. Bxb6 Bxb6 34. Qg6 Kc7 35. Qxg7+ Qd7 36. Qxd7+ Kxd7 37. Rxa6 Bc7 38. Kg2 Ra8 39. Rxa8 Rxa8 40. Kf3 Ra2 41. Rf2 Bd8 42. f5 Bh4 43. Re2 Ra1 44. Nd2 Rh1 45. Kg2 Ra1 46. Ne4 Kc6 47. f6 {The game scores get murky beyond this point. The game ended about ten moves later.} 0-1

[Event "Winnipeg TNT September op"]
[Site "Winnipeg CAN"]
[Date "2012.09.11"]
[Round "2"]
[White "Baron, Cody"]
[Black "Trueman, Francis"]
[Result "1-0"]
[WhiteElo "1714"]
[BlackElo "1498"]
[PlyCount "89"]
[GameId "2160767909445354"]
[EventDate "2012.09.04"]
[EventType "swiss"]
[EventRounds "4"]
[EventCountry "CAN"]
[SourceTitle "EXT 2022"]
[Source "ChessBase"]
[SourceDate "2021.10.06"]
[SourceVersion "1"]
[SourceVersionDate "2021.10.06"]
[SourceQuality "1"]

1. d4 Nf6 2. c4 d6 3. Nc3 g6 4. e4 Bg7 5. Nf3 O-O 6. h3 c6 7. Be3 Qc7 8. Rc1 e5 9. d5 Nbd7 10. Be2 c5 11. O-O h5 12. Nd2 Nh7 13. a3 Ndf6 14. f4 Bh6 15. Nb5 Qe7 16. Qc2 Kh8 17. Kh1 Rg8 18. fxe5 Bxe3 19. exf6 Nxf6 20. Rxf6 Qxf6 21. Rf1 Bf2 22. Nxd6 Rf8 23. Nb5 Qh4 24. Qc3+ Kg8 25. e5 a6 26. Nd6 Bd4 27. Qd3 Bxe5 28. Nf3 Qe7 29. Nxe5 Qxe5 30. Nxf7 Qg7 31. Nd6 Rxf1+ 32. Bxf1 Bd7 33. Qg3 Rf8 34. Bd3 Rf6 35. Nxb7 Bf5 36. Nxc5 Bxd3 37. Nxd3 Rf1+ 38. Kh2 Kh7 39. Nf4 Qh6 40. Ne6 Qc1 41. Qe5 Rh1+ 42. Kg3 Qh6 43. Ng5+ Kg8 44. Qe6+ Kh8 45. Nf7+ 1-0

[Event "Winnipeg TNT September op"]
[Site "Winnipeg CAN"]
[Date "2012.09.11"]
[Round "2"]
[White "Boron, Anthony"]
[Black "Wolchock, Theo"]
[Result "1-0"]
[WhiteElo "2043"]
[BlackElo "1685"]
[PlyCount "71"]
[GameId "2160767909445355"]
[EventDate "2012.09.04"]
[EventType "swiss"]
[EventRounds "4"]
[EventCountry "CAN"]
[SourceTitle "EXT 2022"]
[Source "ChessBase"]
[SourceDate "2021.10.06"]
[SourceVersion "1"]
[SourceVersionDate "2021.10.06"]
[SourceQuality "1"]

1. e4 Nf6 2. Nc3 e6 3. e5 Ng8 4. Nf3 Nc6 5. a3 Bc5 6. d4 Bb6 7. Be3 Nge7 8. Bd3 O-O 9. Bxh7+ Kxh7 10. Ng5+ Kg8 11. Qh5 Re8 12. Qxf7+ Kh8 13. Qh5+ Kg8 14. Qh7+ Kf8 15. Qh8+ Ng8 16. Qh5 Nh6 17. Nh7+ Kg8 18. Bxh6 gxh6 19. Qg6+ Kh8 20. Nf6 Qxf6 21. exf6 Re7 22. fxe7 Nxe7 23. Qf6+ Kg8 24. Qxe7 Bxd4 25. Qd8+ Kg7 26. O-O-O Bxc3 27. bxc3 d6 28. Qxc7+ Kf6 29. Rxd6 b6 30. Qd8+ Kg6 31. Re1 Kf5 32. Qf8+ Kg5 33. h4+ Kxh4 34. Qxh6+ Kg4 35. Rd4+ Kf5 36. Rf4# 1-0

[Event "Winnipeg TNT September op"]
[Site "Winnipeg CAN"]
[Date "2012.09.11"]
[Round "2"]
[White "Cleto, Sam"]
[Black "Leaden, Bruce"]
[Result "1/2-1/2"]
[WhiteElo "1857"]
[BlackElo "1530"]
[PlyCount "93"]
[GameId "2160767909445356"]
[EventDate "2012.09.04"]
[EventType "swiss"]
[EventRounds "4"]
[EventCountry "CAN"]
[SourceTitle "EXT 2022"]
[Source "ChessBase"]
[SourceDate "2021.10.06"]
[SourceVersion "1"]
[SourceVersionDate "2021.10.06"]
[SourceQuality "1"]

1. d4 d5 2. e4 dxe4 3. Nc3 Nf6 4. f3 exf3 5. Nxf3 Bg4 6. Bc4 e6 7. O-O Bd6 8. Qe1 Bxf3 9. Rxf3 Bxh2+ 10. Kxh2 Qxd4 11. Bxe6 Qd6+ 12. Bf4 Qxe6 13. Nb5 O-O 14. Qxe6 fxe6 15. Nxc7 Nc6 16. Nxe6 Rf7 17. Raf1 Re8 18. Ng5 Rd7 19. c3 h6 20. Nh3 Ne5 21. Bxe5 Rxe5 22. Nf4 Rd2 23. Kg1 Rg5 24. R3f2 Rxf2 25. Rxf2 Rf5 26. g3 g5 27. Ne6 Rxf2 28. Kxf2 Ne4+ 29. Kf3 Nf6 30. Nd8 b6 31. c4 a5 32. Nc6 Kf7 33. c5 bxc5 34. Nxa5 Nd5 35. Nb7 Nb4 36. Nxc5 Nxa2 37. Nd3 h5 38. Ke4 h4 39. g4 Kf6 40. Kd5 h3 41. Ke4 Nb4 42. Nf2 h2 43. b3 Ke6 44. Kf3 Nd3 45. Kg3 Kd5 46. Kg2 Kc5 47. Kxh2 1/2-1/2

[Event "Winnipeg TNT September op"]
[Site "Winnipeg CAN"]
[Date "2012.09.11"]
[Round "2"]
[White "Kaptsan, Aron"]
[Black "Swift, Ryne"]
[Result "1-0"]
[WhiteElo "2068"]
[BlackElo "1905"]
[PlyCount "95"]
[GameId "2160767909445357"]
[EventDate "2012.09.04"]
[EventType "swiss"]
[EventRounds "4"]
[EventCountry "CAN"]
[SourceTitle "EXT 2022"]
[Source "ChessBase"]
[SourceDate "2021.10.06"]
[SourceVersion "1"]
[SourceVersionDate "2021.10.06"]
[SourceQuality "1"]

1. d4 d5 2. c4 Nf6 3. cxd5 Nxd5 4. e4 Nb6 5. Nc3 e6 6. Nf3 c5 7. Be3 cxd4 8. Nxd4 Be7 9. Be2 Nc6 10. Nxc6 Qxd1+ 11. Rxd1 bxc6 12. O-O Bb7 13. Rd2 f6 14. a4 Rd8 15. Rxd8+ Kxd8 16. a5 Nc8 17. a6 Ba8 18. Na4 Re8 19. Nc5 Bxc5 20. Bxc5 Kc7 21. Rd1 Rd8 22. Rxd8 Kxd8 23. f3 Nb6 24. b3 Kc8 25. Kf2 Kb8 26. Ke3 Nd7 27. Bd6+ Kc8 28. Bc4 e5 29. Be6 Kd8 30. Bxd7 Kxd7 31. Bc5 g6 32. Bxa7 Kd6 33. b4 Ke6 34. Kd3 f5 35. Kc4 fxe4 36. fxe4 c5 37. Bxc5 Bxe4 38. g3 Kd7 39. b5 Bg2 40. Kb4 Kc7 41. b6+ Kc8 42. Bd6 Ba8 43. Bxe5 Bf3 44. Kc5 Bg2 45. Kd6 Kb8 46. Ke7+ Ka8 47. Kf6 Be4 48. Kg5 1-0

[Event "Winnipeg TNT September op"]
[Site "Winnipeg CAN"]
[Date "2012.09.11"]
[Round "2"]
[White "Melamedoff, Gustavo"]
[Black "Wasserman, Leor"]
[Result "0-1"]
[WhiteElo "2112"]
[BlackElo "1998"]
[PlyCount "68"]
[GameId "2160767909445359"]
[EventDate "2012.09.04"]
[EventType "swiss"]
[EventRounds "4"]
[EventCountry "CAN"]
[SourceTitle "EXT 2022"]
[Source "ChessBase"]
[SourceDate "2021.10.06"]
[SourceVersion "1"]
[SourceVersionDate "2021.10.06"]
[SourceQuality "1"]

1. Nf3 Nf6 2. g3 d5 3. c4 e6 4. b3 c5 5. Bb2 d4 6. Bg2 Nc6 7. O-O Be7 8. d3 O-O 9. Nbd2 e5 10. a3 Bf5 11. Ne1 Qd7 12. Nc2 Rad8 13. Rb1 a6 14. Bc1 b5 15. Nf3 Rc8 16. Bg5 bxc4 17. bxc4 e4 18. Nfe1 exd3 19. exd3 Rb8 20. Bf4 Bd6 21. Rxb8 Rxb8 22. Bxd6 Qxd6 23. Qf3 Bd7 24. Qd1 Ne5 25. h3 Ba4 26. f4 Nc6 27. Rf2 Rb3 28. Qf3 Rb1 29. Kh2 h6 30. Re2 Ne7 31. Qa8+ Kh7 32. Be4+ Ng6 33. Nf3 Nxe4 34. Qxe4 Bc6 0-1

[Event "Winnipeg TNT September op"]
[Site "Winnipeg CAN"]
[Date "2012.09.11"]
[Round "2"]
[White "Mundwiler, Les"]
[Black "Li, Kevin"]
[Result "0-1"]
[WhiteElo "2213"]
[BlackElo "2041"]
[PlyCount "84"]
[GameId "2160767909445360"]
[EventDate "2012.09.04"]
[EventType "swiss"]
[EventRounds "4"]
[EventCountry "CAN"]
[SourceTitle "EXT 2022"]
[Source "ChessBase"]
[SourceDate "2021.10.06"]
[SourceVersion "1"]
[SourceVersionDate "2021.10.06"]
[SourceQuality "1"]

1. d4 f5 2. e4 fxe4 3. Nc3 Nf6 4. Bg5 g6 5. Bxf6 exf6 6. Nxe4 Qe7 7. Qe2 Bg7 8. O-O-O d5 9. Nc3 Qxe2 10. Bxe2 c6 11. Nf3 Nd7 12. h3 Nf8 13. Rhe1 Ne6 14. Kb1 Bd7 15. Bf1 O-O-O 16. Ne2 Rde8 17. Nc1 Ng5 18. Nxg5 fxg5 19. c3 g4 20. hxg4 Bxg4 21. f3 Bf5+ 22. Bd3 Bd7 23. Rh1 Bf6 24. Rde1 Rxe1 25. Rxe1 g5 26. Rh1 h5 27. Bg6 h4 28. Ne2 Rg8 29. Bd3 Re8 30. Kc2 g4 31. fxg4 Bxg4 32. Rf1 Bg5 33. Ng1 Re3 34. Rf8+ Bd8 35. Nh3 Rg3 36. Bf1 Kd7 37. Nf4 Be7 38. Rb8 Bf5+ 39. Kb3 Kc7 40. Re8 Bd6 41. Ne2 Rd3 42. Rh8 Rd1 0-1

[Event "Winnipeg TNT September op"]
[Site "Winnipeg CAN"]
[Date "2012.09.11"]
[Round "2"]
[White "Pang, Michael"]
[Black "Moncal, Nilo"]
[Result "0-1"]
[WhiteElo "1865"]
[BlackElo "2082"]
[PlyCount "141"]
[GameId "2160767909445361"]
[EventDate "2012.09.04"]
[EventType "swiss"]
[EventRounds "4"]
[EventCountry "CAN"]
[SourceTitle "EXT 2022"]
[Source "ChessBase"]
[SourceDate "2021.10.06"]
[SourceVersion "1"]
[SourceVersionDate "2021.10.06"]
[SourceQuality "1"]

1. e4 e6 2. d4 d5 3. Nc3 Nf6 4. Bg5 Be7 5. e5 Nfd7 6. Bxe7 Qxe7 7. f4 a6 8. Nf3 c5 9. dxc5 Qxc5 10. Qd4 Qa5 11. Be2 Nc6 12. Qe3 Qb4 13. O-O-O O-O 14. g4 f6 15. exf6 Nxf6 16. Nd4 Nxd4 17. Qxd4 Qxd4 18. Rxd4 Bd7 19. g5 Ne8 20. Bg4 Nc7 21. Re1 Rae8 22. h4 Bc6 23. Re5 g6 24. Kd2 Kf7 25. Na4 Bxa4 26. Rxa4 Ke7 27. Ke3 Kd6 28. Rb4 b5 29. Rd4 Re7 30. Ree4 Na8 31. Ke2 Nb6 32. b3 Kc5 33. b4+ Kd6 34. Re3 Nc4 35. Rh3 e5 36. fxe5+ Rxe5+ 37. Kd3 Rf2 38. Kc3 Ne3 39. Bd1 Re4 40. Rd3 Rc4+ 41. Kb3 Nxd1 42. Rxd1 Rcxc2 43. Rhd3 Rb2+ 44. Ka3 Rxa2+ 45. Kb3 Ke5 46. Rxd5+ Kf4 47. R5d4+ Kg3 48. R1d3+ Kh2 49. Rd7 Ra4 50. Rxh7 Rf4 51. Rd6 Raxb4+ 52. Kc3 Rbc4+ 53. Kd3 Rf3+ 54. Ke2 Kg2 55. Rxa6 Rc2+ 56. Kd1 Rb2 57. Kc1 Re2 58. Kd1 Rff2 59. Rf6 Rd2+ 60. Kc1 Rc2+ 61. Kb1 Rb2+ 62. Ka1 Ra2+ 63. Kb1 Rfb2+ 64. Kc1 Re2 65. Kd1 b4 66. Rb7 Reb2 67. Kc1 b3 68. Rd6 Rc2+ 69. Kb1 Rab2+ 70. Ka1 Rf2 71. Rf6 0-1

[Event "Winnipeg TNT September op"]
[Site "Winnipeg CAN"]
[Date "2012.09.11"]
[Round "2"]
[White "Pottinger, Carl"]
[Black "Towns, Barry"]
[Result "0-1"]
[WhiteElo "1827"]
[BlackElo "1674"]
[PlyCount "124"]
[GameId "2160767909445362"]
[EventDate "2012.09.04"]
[EventType "swiss"]
[EventRounds "4"]
[EventCountry "CAN"]
[SourceTitle "EXT 2022"]
[Source "ChessBase"]
[SourceDate "2021.10.06"]
[SourceVersion "1"]
[SourceVersionDate "2021.10.06"]
[SourceQuality "1"]

1. c4 Nf6 2. g3 d5 3. Bg2 e6 4. Nf3 c5 5. O-O Nc6 6. cxd5 Nxd5 7. Nc3 b6 8. d3 Bb7 9. Nxd5 exd5 10. Qa4 Qd7 11. Bf4 Bd6 12. Rfe1 O-O 13. a3 Bxf4 14. Qxf4 Rfe8 15. Rac1 Re7 16. e3 Rae8 17. Nh4 Re5 18. Nf3 Rf5 19. Qa4 Rf6 20. d4 c4 21. Rc3 a6 22. Qc2 b5 23. Ng5 Rg6 24. f4 f5 25. Nf3 b4 26. axb4 Nxb4 27. Qb1 Nd3 28. Ne5 Nxe5 29. dxe5 h5 30. Rd1 Rb6 31. Rxc4 Qb5 32. Rcd4 Qe2 33. Re1 Rxb2 34. Rxe2 Rxb1+ 35. Kf2 Rb5 36. Red2 Rd8 37. e4 fxe4 38. Bxe4 Kf7 39. h3 a5 40. g4 Ke7 41. Bf3 hxg4 42. hxg4 Bc6 43. f5 Rc5 44. Bd1 Rc4 45. Ke3 a4 46. f6+ gxf6 47. Rxc4 dxc4 48. exf6+ Kxf6 49. Rxd8 Ke6 50. Kd4 a3 51. Re8+ Bxe8 52. Kc3 Bg6 53. Ba4 Ke5 54. Bb5 Bd3 55. Ba4 Bb1 56. Bd1 a2 57. Kb2 c3+ 58. Ka1 Kf4 59. Bb3 Ke3 60. g5 Kd2 61. g6 Bxg6 62. Kxa2 Bf7 0-1

[Event "Winnipeg TNT September op"]
[Site "Winnipeg CAN"]
[Date "2012.09.11"]
[Round "2"]
[White "Rutter, Blair"]
[Black "Campbell, Jamie"]
[Result "0-1"]
[WhiteElo "1842"]
[BlackElo "1630"]
[PlyCount "120"]
[GameId "2160767909445363"]
[EventDate "2012.09.04"]
[EventType "swiss"]
[EventRounds "4"]
[EventCountry "CAN"]
[SourceTitle "EXT 2022"]
[Source "ChessBase"]
[SourceDate "2021.10.06"]
[SourceVersion "1"]
[SourceVersionDate "2021.10.06"]
[SourceQuality "1"]

1. c4 c5 2. g3 g6 3. Bg2 Bg7 4. e4 Nc6 5. Nc3 e6 6. Nge2 Nge7 7. d3 O-O 8. O-O b6 9. Be3 Bb7 10. Qd2 Ne5 11. h3 d5 12. cxd5 exd5 13. Bf4 dxe4 14. Bxe5 Bxe5 15. Nxe4 Nc6 16. Rad1 Qd7 17. Kh2 Rad8 18. a3 f5 19. N4c3 Nd4 20. f3 Nxe2 21. Nxe2 Ba6 22. f4 Bd4 23. Nc1 Qg7 24. b4 Kh8 25. bxc5 Bxc5 26. a4 Rd6 27. Rfe1 Rfd8 28. Qe2 R6d7 29. Qc2 Qd4 30. Bc6 Rd6 31. Qg2 Qf2 32. Bb5 Qxg2+ 33. Kxg2 Bb7+ 34. Kf1 a6 35. Bc4 Bf3 36. Rd2 Bb4 37. Rf2 Bxe1 38. Rxf3 Bd2 39. Nb3 b5 40. axb5 axb5 41. Bxb5 Bc3 42. Bc4 Re8 43. g4 fxg4 44. hxg4 Rf6 45. Nc5 Re1+ 46. Kg2 Bd4 47. Ne4 Rb6 48. Kg3 Rb2 49. Kh4 h6 50. g5 h5 51. Be6 Rh1+ 52. Bh3 Re2 53. Ng3 Rf2 54. Nxh1 Rxf3 55. Bg2 Rxd3 56. f5 Kg7 57. fxg6 Rd2 58. Be4 Re2 59. Bf3 Rh2+ 60. Kg3 Be5# 0-1

[Event "Winnipeg TNT September op"]
[Site "Winnipeg CAN"]
[Date "2012.09.11"]
[Round "2"]
[White "Samson, Larry"]
[Black "Ma, Derek"]
[Result "0-1"]
[WhiteElo "1599"]
[BlackElo "1723"]
[PlyCount "106"]
[GameId "2160767909445364"]
[EventDate "2012.09.04"]
[EventType "swiss"]
[EventRounds "4"]
[EventCountry "CAN"]
[SourceTitle "EXT 2022"]
[Source "ChessBase"]
[SourceDate "2021.10.06"]
[SourceVersion "1"]
[SourceVersionDate "2021.10.06"]
[SourceQuality "1"]

1. e4 c5 2. Nf3 d6 3. d4 cxd4 4. Nxd4 Nf6 5. Nc3 a6 6. Bg5 e6 7. f3 Qb6 8. Nb3 Be7 9. Qd2 Nc6 10. h4 h6 11. Be3 Qc7 12. O-O-O b5 13. Kb1 Bb7 14. Ne2 Rd8 15. Ned4 Nxd4 16. Nxd4 e5 17. Nf5 Rg8 18. Qf2 Qc6 19. Nxe7 Kxe7 20. g4 Nd7 21. Bd3 a5 22. Rhf1 b4 23. f4 f6 24. f5 Nc5 25. Bxc5 dxc5 26. Bc4 Rxd1+ 27. Rxd1 Rc8 28. Bd5 Qb6 29. Bxb7 Qxb7 30. Qe3 c4 31. g5 hxg5 32. hxg5 Qc7 33. gxf6+ gxf6 34. Rh1 Rf8 35. Rh7+ Rf7 36. Rxf7+ Kxf7 37. Qh6 Qd6 38. Qg6+ Ke7 39. Qg7+ Kd8 40. Kc1 c3 41. Qg8+ Kd7 42. Qf7+ Kc6 43. bxc3 bxc3 44. Qc4+ Qc5 45. Qe6+ Kb5 46. Qd7+ Kb4 47. Qb7+ Qb5 48. Qe7+ Kc4 49. Qc7+ Kd4 50. Qd6+ Ke3 51. Qd3+ Qxd3 52. cxd3 Kxd3 53. a4 c2 0-1

[Event "Winnipeg TNT September op"]
[Site "Winnipeg CAN"]
[Date "2012.09.18"]
[Round "3"]
[White "Baron, Cody"]
[Black "Melamedoff, Gustavo"]
[Result "0-1"]
[WhiteElo "1714"]
[BlackElo "2112"]
[PlyCount "74"]
[GameId "2160767909445366"]
[EventDate "2012.09.04"]
[EventType "swiss"]
[EventRounds "4"]
[EventCountry "CAN"]
[SourceTitle "EXT 2022"]
[Source "ChessBase"]
[SourceDate "2021.10.06"]
[SourceVersion "1"]
[SourceVersionDate "2021.10.06"]
[SourceQuality "1"]

1. d4 d5 2. Nf3 e6 3. c4 Nf6 4. Bg5 Be7 5. cxd5 exd5 6. Qc2 h6 7. Bh4 Ne4 8. Bxe7 Qxe7 9. Nc3 Nxc3 10. bxc3 O-O 11. e3 b6 12. Bd3 c5 13. O-O c4 14. Be2 Nc6 15. Nd2 f5 16. Bf3 Qd6 17. Rab1 Bd7 18. Rfe1 Rae8 19. Rb2 Nd8 20. g3 Nf7 21. Bg2 g5 22. f4 g4 23. Nf1 b5 24. Reb1 Rb8 25. a4 a6 26. axb5 axb5 27. Ra1 Nd8 28. Rba2 Nc6 29. Qd2 b4 30. cxb4 Nxb4 31. Rb2 Be6 32. Rab1 Nd3 33. Rxb8 Rxb8 34. Rxb8+ Qxb8 35. Qa5 Qb2 36. Qd8+ Kg7 37. h3 Qf2+ 0-1

[Event "Winnipeg TNT September op"]
[Site "Winnipeg CAN"]
[Date "2012.09.18"]
[Round "3"]
[White "Campbell, Jamie"]
[Black "Reimer, Bruce"]
[Result "1-0"]
[WhiteElo "1630"]
[BlackElo "1586"]
[PlyCount "69"]
[GameId "2160767909445367"]
[EventDate "2012.09.04"]
[EventType "swiss"]
[EventRounds "4"]
[EventCountry "CAN"]
[SourceTitle "EXT 2022"]
[Source "ChessBase"]
[SourceDate "2021.10.06"]
[SourceVersion "1"]
[SourceVersionDate "2021.10.06"]
[SourceQuality "1"]

1. b4 e5 2. Bb2 d6 3. g3 a6 4. a4 Bg4 5. Bg2 c6 6. c4 Nd7 7. d3 Qb6 8. Qd2 g6 9. Na3 Bh6 10. e3 Ngf6 11. Ne2 Bxe2 12. Kxe2 O-O 13. a5 Qc7 14. Rhe1 Rfe8 15. b5 e4 16. d4 d5 17. cxd5 Nxd5 18. bxc6 bxc6 19. Rec1 Rab8 20. Rc4 Bf8 21. Rac1 Nb4 22. d5 Ne5 23. Bxe4 Nxc4 24. Rxc4 Qxa5 25. Qd4 f6 26. Qxf6 Re7 27. Qh8+ Kf7 28. Qxh7+ Ke8 29. Qxg6+ Rf7 30. d6 Nd5 31. Rc2 Rxb2 32. Rxb2 Nc3+ 33. Kf1 Nxe4 34. Qe6+ Kd8 35. Rb8# 1-0